<?xml version="1.0" encoding="UTF-8"?>
<collection xmlns="http://www.loc.gov/MARC21/slim">
<record>
  <controlfield tag="001">47863</controlfield>
  <controlfield tag="005">20240109134253.0</controlfield>
  <datafield tag="024" ind1="7" ind2=" ">
    <subfield code="2">doi</subfield>
    <subfield code="a">10.2340/00015555-2263</subfield>
  </datafield>
  <datafield tag="024" ind1="8" ind2=" ">
    <subfield code="2">sideral</subfield>
    <subfield code="a">92196</subfield>
  </datafield>
  <datafield tag="037" ind1=" " ind2=" ">
    <subfield code="a">ART-2016-92196</subfield>
  </datafield>
  <datafield tag="041" ind1=" " ind2=" ">
    <subfield code="a">eng</subfield>
  </datafield>
  <datafield tag="100" ind1=" " ind2=" ">
    <subfield code="a">Marron, Servando E.</subfield>
    <subfield code="0">(orcid)0000-0001-5632-0351</subfield>
  </datafield>
  <datafield tag="245" ind1=" " ind2=" ">
    <subfield code="a">Quality of life, emotional wellbeing and family repercussions in dermatological patients suffering chronic itching</subfield>
  </datafield>
  <datafield tag="260" ind1=" " ind2=" ">
    <subfield code="c">2016</subfield>
  </datafield>
  <datafield tag="506" ind1="0" ind2=" ">
    <subfield code="a">Access copy available to the general public</subfield>
    <subfield code="f">Unrestricted</subfield>
  </datafield>
  <datafield tag="520" ind1="3" ind2=" ">
    <subfield code="a">A better understanding of the psychosocial impact of chronic itching could lead to improved intervention strategies. The aim of this study is to examine the prevalence and characteristics of chronic itching in dermatological patients. The Itch Severity Scale (ISS) was completed by a sample of 201 patients from a Dermatology Outpatient Clinic in Spain and 61.69% (n=124) of participants recorded a positive score (X=8.89, DT=4.06). The results indicate that chronic itching has significant psychosocial repercussions. The Dermatology Life Quality Index (DLQI) showed that the negative impact on quality of life was significantly greater for the group that experienced chronic itching (p&lt;0.001). Scores on the Anxiety and Depression Scale (HADS) revealed that the group with chronic itching had more symptoms associated with anxiety (p=0.001). The Family APGAR found no statistically significant differences between the groups with regards to repercussions on the family dynamic.</subfield>
  </datafield>
  <datafield tag="540" ind1=" " ind2=" ">
    <subfield code="9">info:eu-repo/semantics/openAccess</subfield>
    <subfield code="a">by-nc</subfield>
    <subfield code="u">http://creativecommons.org/licenses/by-nc/3.0/es/</subfield>
  </datafield>
  <datafield tag="590" ind1=" " ind2=" ">
    <subfield code="a">3.653</subfield>
    <subfield code="b">2016</subfield>
  </datafield>
  <datafield tag="591" ind1=" " ind2=" ">
    <subfield code="a">DERMATOLOGY</subfield>
    <subfield code="b">8 / 63 = 0.127</subfield>
    <subfield code="c">2016</subfield>
    <subfield code="d">Q1</subfield>
    <subfield code="e">T1</subfield>
  </datafield>
  <datafield tag="592" ind1=" " ind2=" ">
    <subfield code="a">1.004</subfield>
    <subfield code="b">2016</subfield>
  </datafield>
  <datafield tag="593" ind1=" " ind2=" ">
    <subfield code="a">Medicine (miscellaneous)</subfield>
    <subfield code="c">2016</subfield>
    <subfield code="d">Q1</subfield>
  </datafield>
  <datafield tag="593" ind1=" " ind2=" ">
    <subfield code="a">Dermatology</subfield>
    <subfield code="c">2016</subfield>
    <subfield code="d">Q1</subfield>
  </datafield>
  <datafield tag="655" ind1=" " ind2="4">
    <subfield code="a">info:eu-repo/semantics/article</subfield>
    <subfield code="v">info:eu-repo/semantics/publishedVersion</subfield>
  </datafield>
  <datafield tag="700" ind1=" " ind2=" ">
    <subfield code="a">Tomás-Aragonés, Lucía</subfield>
    <subfield code="u">Universidad de Zaragoza</subfield>
    <subfield code="0">(orcid)0000-0003-1917-6906</subfield>
  </datafield>
  <datafield tag="700" ind1=" " ind2=" ">
    <subfield code="a">Boira, Santiago</subfield>
    <subfield code="u">Universidad de Zaragoza</subfield>
    <subfield code="0">(orcid)0000-0001-5073-4465</subfield>
  </datafield>
  <datafield tag="700" ind1=" " ind2=" ">
    <subfield code="a">Campos-Ródenas, R.</subfield>
  </datafield>
  <datafield tag="710" ind1="2" ind2=" ">
    <subfield code="1">4009</subfield>
    <subfield code="2">735</subfield>
    <subfield code="a">Universidad de Zaragoza</subfield>
    <subfield code="b">Dpto. Psicología y Sociología</subfield>
    <subfield code="c">Área Psicolog.Evolut.Educac</subfield>
  </datafield>
  <datafield tag="710" ind1="2" ind2=" ">
    <subfield code="1">4009</subfield>
    <subfield code="2">813</subfield>
    <subfield code="a">Universidad de Zaragoza</subfield>
    <subfield code="b">Dpto. Psicología y Sociología</subfield>
    <subfield code="c">Área Trabajo Social y Serv.Soc</subfield>
  </datafield>
  <datafield tag="773" ind1=" " ind2=" ">
    <subfield code="g">96, 3 (2016), 331-335</subfield>
    <subfield code="p">Acta derm.-venereol.</subfield>
    <subfield code="t">Acta Dermato-Venereologica</subfield>
    <subfield code="x">0001-5555</subfield>
  </datafield>
  <datafield tag="856" ind1="4" ind2=" ">
    <subfield code="s">447175</subfield>
    <subfield code="u">http://zaguan.unizar.es/record/47863/files/texto_completo.pdf</subfield>
    <subfield code="y">Versión publicada</subfield>
  </datafield>
  <datafield tag="856" ind1="4" ind2=" ">
    <subfield code="s">3534394</subfield>
    <subfield code="u">http://zaguan.unizar.es/record/47863/files/texto_completo.jpg?subformat=icon</subfield>
    <subfield code="x">icon</subfield>
    <subfield code="y">Versión publicada</subfield>
  </datafield>
  <datafield tag="909" ind1="C" ind2="O">
    <subfield code="o">oai:zaguan.unizar.es:47863</subfield>
    <subfield code="p">articulos</subfield>
    <subfield code="p">driver</subfield>
  </datafield>
  <datafield tag="951" ind1=" " ind2=" ">
    <subfield code="a">2024-01-09-13:32:09</subfield>
  </datafield>
  <datafield tag="980" ind1=" " ind2=" ">
    <subfield code="a">ARTICLE</subfield>
  </datafield>
</record>
</collection>